La planificación de la educación: una necesidad impostergable para los países de la región /

Guardado en:
Bibliografiske detaljer
Hovedforfatter: Romero C., Paulino
Format: Texto
Fag:
Tags: Tilføj Tag
Ingen Tags, Vær først til at tagge denne postø!

MARC

LEADER 00000 a a2200000 04500
001 9422
003
040
100 |a Romero C., Paulino  
245 |a La planificación de la educación:   |b una necesidad impostergable para los países de la región /  |c Paulino Romero C. 
650 |a EDUCACION  
650 |a EDUCACION PUBLICA  
650 |a ACCESO A LA EDUCACION  
650 |a AMERICA LATINA  
773 |g número 471 -472; páginas 73-84  
999 |c 30975  |d 30975